000 00499nam a2200181Ia 4500
003 GCL
008 140319s9999 xx 000 0 eng d
040 _aGCL /
_cGCL
082 0 4 _a749.20495
_bC M
100 1 _aPETER FIELL
245 1 0 _aMODERN FURNITURE CLASSICS SINCE 1945 /
_cPETER FIELL
700 1 _aCHARLOTTE FIELL
260 _a[S.N] :
_bTHE AMERICAN INSTITUTE OF ARCHITECTS ،
_c1991
300 _a192 P
650 0 4 _aHISTORY
650 0 4 _aFURNITURE DESIGN - HISTORY
942 _2ddc
_cBK
999 _c24536
_d24536